Gwen Stefani Discography - Statistics

General Stats
  • This quiz has been taken 34 times
  • The average score is 18 of 36
Answer Stats
Hint Answer % Correct
Love Angel Music Baby Hollaback Girl
96%
The Sweet Escape The Sweet Escape
96%
Love Angel Music Baby What You Waiting For?
89%
Love Angel Music Baby Cool
82%
Love Angel Music Baby Rich Girl
79%
The Sweet Escape 4 In The Morning
68%
Love Angel Music Baby Luxurious
68%
Love Angel Music Baby Bubble Pop Electric
64%
The Sweet Escape Wind It Up
64%
Love Angel Music Baby Crash
57%
This Is What The Truth Feels Like Used To Love You
57%
The Sweet Escape Early Winter
54%
Love Angel Music Baby Harajuku Girls
54%
This Is What The Truth Feels Like Make Me Like You
54%
The Sweet Escape Orange County Girl
50%
The Sweet Escape Yummy
50%
Love Angel Music Baby Long Way To Go
46%
Love Angel Music Baby The Real Thing
46%
Love Angel Music Baby Danger Zone
43%
The Sweet Escape Fluorescent
43%
This Is What The Truth Feels Like Red Flag
43%
Love Angel Music Baby Serious
43%
This Is What The Truth Feels Like Truth
43%
The Sweet Escape Wonderful Life
43%
This Is What The Truth Feels Like Asking 4 It
39%
The Sweet Escape Don't Get It Twisted
39%
This Is What The Truth Feels Like Misery
39%
The Sweet Escape Now That You Got It
39%
The Sweet Escape Breakin' Up
36%
The Sweet Escape U Started It
36%
This Is What The Truth Feels Like Naughty
32%
This Is What The Truth Feels Like Rare
32%
This Is What The Truth Feels Like Where Would I Be?
32%
This Is What The Truth Feels Like Send Me A Picture
29%
This Is What The Truth Feels Like Me Without You
25%
This Is What The Truth Feels Like You're My Favorite
25%
No matching quizzes found
Score Distribution
Percent of People with Each Score
Percentile by Number Answered
Your Score History
You have not taken this quiz